01146nam a2200265 i 4500001000300000100002500003245008800028260002800116300002700144490013500171490005700306500006100363504001400424650003800438650003900476650003800515830007900553830005000632020001500682040000800697041000800705080002800713008004100741856009800782bg1 aSzudrowicz, Barbara.10aProblemy ochrony przed hałasem w budynkach wielkopłytowych /cBarbara Szudrowicz. aWarszawa :bITB,c2003. a67 s. :bil. ;c24 cm.1 aInstrukcje, Wytyczne, Poradniki / Instytut Techniki Budowlanej ;aBudynki Wielkopłytowe - Wymagania Podstawowevnr 82/2003vZ. 101 aBudynki Wielkopłytowe - Wymagania PodstawowevZ. 10 aNa s. tyt. i okł. : Ochrona przed hałasem i drganiami. aBibliogr. 9aHałasxzapobieganie i zwalczanie 9aDrganiaxzapobieganie i zwalczanie 9aBudownictwo mieszkaniowexhigiena 0aInstrukcje, Wytyczne, Poradniki - Instytut Techniki Budowlanejvnr 82/2003 aBudynki Wielkopłytowe - Wymagania Podstawowe a837370518X cBPK0 apol a69::728:628.517.2:534.8 s pl f |000 0 pol  uhttp://koha.tu.koszalin.pl/cgi-bin/koha/opac-detail.pl?biblionumber=42883yKatalog online BPK